<?xml version="1.0" encoding="UTF-8"?><?xml-stylesheet type="text/xsl" href="static/style.xsl"?><OAI-PMH xmlns="http://www.openarchives.org/OAI/2.0/" xmlns:xsi="http://www.w3.org/2001/XMLSchema-instance" xsi:schemaLocation="http://www.openarchives.org/OAI/2.0/ http://www.openarchives.org/OAI/2.0/OAI-PMH.xsd"><responseDate>2026-06-04T12:59:48Z</responseDate><request verb="GetRecord" identifier="oai:recam.amb.cat:20.500.14439/1517" metadataPrefix="marc">https://recam.amb.cat/rest/oai/request</request><GetRecord><record><header><identifier>oai:recam.amb.cat:20.500.14439/1517</identifier><datestamp>2026-04-13T08:47:34Z</datestamp><setSpec>com_20.500.14439_127</setSpec><setSpec>col_20.500.14439_145</setSpec></header><metadata><record xmlns="http://www.loc.gov/MARC21/slim" xmlns:dcterms="http://purl.org/dc/terms/" xmlns:xsi="http://www.w3.org/2001/XMLSchema-instance" xmlns:doc="http://www.lyncode.com/xoai" xsi:schemaLocation="http://www.loc.gov/MARC21/slim http://www.loc.gov/standards/marcxml/schema/MARC21slim.xsd">
   <leader>00925njm 22002777a 4500</leader>
   <datafield ind2=" " ind1=" " tag="042">
      <subfield code="a">dc</subfield>
   </datafield>
   <datafield ind2=" " ind1=" " tag="720">
      <subfield code="a">Solé Congost, Maria</subfield>
      <subfield code="e">author</subfield>
   </datafield>
   <datafield ind2=" " ind1=" " tag="720">
      <subfield code="a">Ibáñez Raffaele, Mercedes</subfield>
      <subfield code="e">author</subfield>
   </datafield>
   <datafield ind2=" " ind1=" " tag="260">
      <subfield code="c">2011-01-01</subfield>
   </datafield>
   <datafield ind2=" " ind1=" " tag="520">
      <subfield code="a">Aquest treball estableix les bases pel Pla de Prevenció de Residus de Sant Cugat del Vallès.La prevenció de residus és el primer esglaó dins la jerarquia de gestió de residus. Segons la legislació i els programes actuals de gestió de residus, els municipis poden establir els seus propis Plans Municipals de Prevenció de Residus com a eina per a aglomerar i cohesionar totes les actuacions enfocades a treballar en aquesta línia. Així doncs, aquest estudi persegueix dos objectius:- Realitzar una diagnosi completa com a punt de partida per entendre la situació actual en matèria de residus al municipi.- Definir estratègies, mesures i actuacions reals per a assolir els objectius marcats respecte la prevenció de residus.Aquesta recerca ha estat subvencionada per l'Àrea Metropolitana de Barcelona a la Convocatòria d'ajuts a la recerca en prevenció de residus 2010-2011.</subfield>
   </datafield>
   <datafield ind1="8" ind2=" " tag="024">
      <subfield code="a">https://hdl.handle.net/20.500.14439/1517</subfield>
   </datafield>
   <datafield ind1="8" ind2=" " tag="024">
      <subfield code="a">420210</subfield>
   </datafield>
   <datafield tag="653" ind2=" " ind1=" ">
      <subfield code="a">Residus</subfield>
   </datafield>
   <datafield ind2="0" ind1="0" tag="245">
      <subfield code="a">Pla municipal de prevenció de residus de Sant Cugat del Vallès 2012-2016</subfield>
   </datafield>
</record></metadata></record></GetRecord></OAI-PMH>